| 000 | 00446nam a2200157Ia 4500 | ||
|---|---|---|---|
| 008 | 220216s9999 xx 000 0 und d | ||
| 100 | _aMajumdar Samir | ||
| 245 | 0 | _aImprovement on air impermeability in pneumatic tyre | |
| 260 |
_bThe Rubber International _c2010 |
||
| 300 | _a44-49 | ||
| 650 | _aAir barrier | ||
| 650 | _aMeritor tyre inflation system | ||
| 650 | _aThermoplastic elastomer | ||
| 650 | _aThermoplastic Oeefin | ||
| 942 | _cJS | ||
| 999 |
_c60876 _d60876 |
||